| 000 | 01415 a2200253 4500 | ||
|---|---|---|---|
| 003 | OSt | ||
| 005 | 20180116192354.0 | ||
| 008 | 120601t xxu||||| |||| 00| 0 eng d | ||
| 020 | _a9780714849560 | ||
| 020 | _a0714849561 | ||
| 040 | _c0 | ||
| 082 | _a720.9 | ||
| 100 |
_aMaki, Fumihiko _93294 |
||
| 245 | 1 | 0 |
_aFumihiko Maki / _c Maki ,Fumihiko |
| 260 |
_aLondon ; _aNew York : _bPhaidon, _cLon2009. |
||
| 300 |
_a319 p. : _b319 ill. (chiefly col.) ; _c319 p. : |b ill.30 cm. |
||
| 500 | _a|a First buildings: Toyoda Memorial Hall ; Steinberg Hall -- Collective form: Rissho University Central Building ; Osaka Prefectural Sports Centre ; National Aquarium, Okinawa -- Construction of scenery: Kato Gakuen Elementary School -- A building in a rural setting: Iwasaki Art Museum -- Art / Performance: Spiral ; National Museum of Modern Art,Kyoto ; Tepia ; Center for the Arts Yerba Buena Gardens ; Kirishima International Concert Hall ; Floating Pavilion ; Salzburg Congress Centre ; Toyama International Conference Centre -- Gymnasium / Exhibition / Office: Fujisawa Muni | ||
| 600 | 1 | 0 |
_aMaki, Fumihiko, _d1928- _93295 |
| 650 | 1 | 0 |
_aArchitects _zJapan _y20th century. _93296 |
| 650 | 1 | 0 |
_aArchitecture _zArchJapan _xArHistory _y20th century. _93297 |
| 650 | 1 | 0 |
_aArchitecture _zArchiJapan _y21st century. _93298 |
| 942 |
_aSADA _cBK _k720.9 MAK 2009 _2ddc |
||
| 999 |
_c353039 _d353039 |
||